000 00445cam a2200169ua 4500
001 7947
008 160930n1970 II |||gr||||Z||||||eng
040 _aMAIN
041 _aEnglish
100 _aHAYMAN, RONALD.
245 _aCONTEMPORARY PLAYWRIGHTS : SAMUEL BECKELT
260 _aNEW DELHI
_bS.CHAND & COMPANY
_c1970
300 _a80:
_c20CM.
653 _aEnglish.& Old English literatures
700 _aHAYMAN, RONALD.,
_eAUTHOR.
942 _cBK
999 _c7930
_d7930